[Event "IND-ch U11 Girls"]
[Site "Odisha"]
[Date "2014.07.25"]
[Round "3"]
[White "Manya, Bagla"]
[Black "Aditi, Saha"]
[Result "1-0"]
[WhiteElo "1378"]
[BlackElo "1142"]
[PlyCount "59"]
[EventDate "2014.07.24"]
[EventType "swiss"]
[EventRounds "11"]
[EventCountry "IND"]
[SourceTitle "CBM 161 Extra"]
[Source "ChessBase"]
[SourceDate "2014.08.29"]
[SourceVersion "1"]
[SourceVersionDate "2014.08.29"]
[SourceQuality "1"]

1. e4 c5 2. c3 d6 3. d4 cxd4 4. cxd4 e6 5. Nc3 Nf6 6. Nf3 Be7 7. Bd3 Bd7 8. h3 Qc7 9. Be3 Bc6 10. Rc1 Qd8 11. Bb1 Nbd7 12. d5 exd5 13. exd5 Nxd5 14. Nxd5 Qa5+ 15. Nc3 0-0 16. 0-0 Nf6 17. Re1 Rfe8 18. Bd4 Qd8 19. Qd3 g6 20. Bxf6 Bxf6 21. Rxe8+ Bxe8 22. Rd1 Be7 23. Bc2 Bc6 24. Bb3 Rc8 25. Nd5 Bxd5 26. Qxd5 Qe8 27. Qxb7 Ra8 28. Re1 Kf8 29. Rxe7 Qxe7 30. Qxa8+ 1-0